Getafe CF Current Squad - Statistics

General Stats
  • This quiz has been taken 18 times
    4 since last reset
  • The average score is 18 of 28
Answer Stats
# Position Nation Answer % Correct
23 FW Spain Adrián Liso
100%
9 FW Spain Borja Mayoral
100%
13 GK Spain David Soria
100%
26 MF Spain Davinchi
100%
2 DF Togo Djené
100%
22 DF Portugal Domingos Duarte
100%
- Coach Spain José Bordalás
100%
5 MF Spain Luis Milla
100%
- FW Dominican Republic Peter Federico
100%
3 DF Morocco Abdel Abqar
75%
- MF Nigeria Chrisantus Uche
75%
1 GK Czech Republic Jiří Letáček
75%
21 DF Spain Juan Iglesias
75%
6 MF Spain Mario Martín
75%
8 MF Uruguay Mauro Arrambari
75%
- FW England Abu Kamara
50%
18 FW Spain Álex Sancris
50%
20 FW Spain Coba da Costa
50%
16 DF Spain Diego Rico
50%
31 DF Morocco Ismael Bekhoucha
50%
14 MF Spain Javi Muñoz
50%
11 FW Spain Juanmi
50%
4 MF Cameroon Yvan Neyou
50%
- DF Spain Juan Berrocal
25%
17 DF Spain Kiko Femenía
25%
30 MF Spain Alberto Risco
0%
37 FW Spain Joselu Pérez
0%
33 DF Spain Marc Vilaplana
0%
No matching quizzes found
Score Distribution
Percent of People with Each Score
Percentile by Number Answered
Your Score History
You have not taken this quiz since the last reset